Los premios
Spremljeno u:
| Glavni autor: | |
|---|---|
| Format: | Knjiga |
| Jezik: | španjolski |
| Izdano: |
Buenos Aires
Sudamericana
1995
|
| Izdanje: | 20a. ed |
| Teme: | |
| Oznake: |
Dodaj oznaku
Bez oznaka, Budi prvi tko označuje ovaj zapis!
|
MARC
| LEADER | 00000nam a2200000 a 4500 | ||
|---|---|---|---|
| 001 | UCM8585 | ||
| 003 | CL-VaPUC | ||
| 008 | 030321e19950400AG |||||||||||||||||spa|d | ||
| 082 | 0 | 4 | |a Ar863 |b COR |2 21 |
| 100 | |a Cortázar, Julio, |d 1914-1984 |e author |9 347319 | ||
| 245 | 1 | 4 | |a Los premios |
| 250 | |a 20a. ed | ||
| 300 | |a 366 p | ||
| 942 | |c BK | ||
| 945 | |d 20030321 00:00:00 |a vberengu | ||
| 260 | |a Buenos Aires |b Sudamericana |c 1995 | ||
| 650 | 0 | |a Novelas argentinas |9 267871 | |
| 650 | 0 | |a Literatura argentina |9 320596 | |
| 583 | |a last modification |c 20030321 00:00:00 |k Rodrigo Vera | ||
| 999 | |c 303047 |d 303045 | ||
| 952 | |0 0 |1 2 |4 0 |6 AR_863_000000000000000_COR_1995 |7 0 |8 A |9 363995 |a BIBTEO |b BIBTEO |d 2019-11-21 |i 3887235 |o Ar863 COR 1995 |p 3887235 |r 2019-11-21 |w 2019-11-21 |y BK |k ICR | ||